000 00345nam a22001451a 4500
999 _c147787
_d147787
082 _a491. 35
_bCOW/P
100 _aCowell E B
245 _aThe prakrita - prakasa/
_cby Cowell E B.
260 _aNew Delhi:
_bCosmo,
_c1853.
300 _a200p.
650 _aPrakrit Language
650 _aPrakrit Sanskrit
650 _aLanguage
942 _cBK